Wybrane Państwa Świata - Statystyki

Ogólne statystyki
  • Ten quiz został rozwiązany 34 razy
  • Średni wynik to 75 z 136
Statystyki odpowiedzi
Hint Odpowiedź % Poprawnych
Chiny Pekin
89%
Cypr Nikozja
85%
USA Waszyngton
81%
Indie Nowe Delhi
78%
Kanada Ottawa
78%
Turcja Ankara
74%
Korea Południowa Seul
74%
Japonia Tokio
74%
Azerbejdżan Baku
70%
Brazylia Brasília
70%
Argentyna Buenos Aires
70%
Australia Canberra
70%
Izrael Jerozolima
70%
Egipt Kair
70%
Gruzja Tbilisi
70%
Albania Tirana
70%
Zjednoczone Emiraty Arabskie Abu Zabi
67%
Andora Andora
67%
Grecja Ateny
67%
Irak Bagdad
67%
Niemcy Berlin
67%
Słowacja Bratysława
67%
Belgia Bruksela
67%
Węgry Budapeszt
67%
Rumunia Bukareszt
67%
Irlandia Dublin
67%
Armenia Erywań
67%
Finlandia Helsinki
67%
Afganistan Kabul
67%
Ukraina Kijów
67%
Dania Kopenhaga
67%
Wielka Brytania Londyn
67%
Hiszpania Madryt
67%
Białoruś Mińsk
67%
Rosja Moskwa
67%
Norwegia Oslo
67%
Francja Paryż
67%
Korea Północna Pjongjang
67%
Czechy Praga
67%
Islandia Reykjavík
67%
Arabia Saudyjska Rijad
67%
Włochy Rzym
67%
San Marino San Marino
67%
Bułgaria Sofia
67%
Szwecja Sztokholm
67%
Estonia Tallinn
67%
Polska Warszawa
67%
Watykan Watykan
67%
Austria Wiedeń
67%
Litwa Wilno
67%
Chorwacja Zagrzeb
67%
Algieria Algier
63%
Holandia Amsterdam
63%
Tajlandia Bangkok
63%
Serbia Belgrad
63%
Szwajcaria Berno
63%
Kuba Hawana
63%
Portugalia Lizbona
63%
Luksemburg Luksemburg
63%
Monako Monako
63%
Łotwa Ryga
63%
Iran Teheran
63%
Liechtenstein Vaduz
63%
Peru Lima
59%
Filipiny Manila
59%
Czarnogóra Podgorica
59%
Kosowo Prisztina
59%
Maroko Rabat
59%
Chile Santiago
59%
Bośnia i Hercegowina Sarajewo
59%
Kazachstan Astana
56%
Liban Bejrut
56%
Kolumbia Bogota
56%
Bangladesz Dhaka
56%
Wietnam Hanoi
56%
Mołdawia Kiszyniów
56%
Kuwejt Kuwejt
56%
Słowenia Lublana
56%
Urugwaj Montevideo
56%
Kenia Nairobi
56%
Macedonia Północna Skopje
56%
Tunezja Tunis
56%
Mongolia Ułan Bator
56%
Malta Valletta
56%
Nowa Zelandia Wellington
56%
Wenezuela Caracas
52%
Senegal Dakar
52%
Syria Damaszek
52%
Katar Doha
52%
Bahrajn Manama
52%
Singapur Singapur
52%
Jordania Amman
48%
Pakistan Islamabad
48%
Nepal Katmandu
48%
Dem. Rep. Konga Kinszasa
48%
Malezja Kuala Lumpur
48%
Boliwia Sucre
48%
Libia Trypolis
48%
Etiopia Addis Abeba
44%
Ghana Akra
44%
Paragwaj Asunción
44%
Kirgistan Biszkek
44%
Sudan Chartum
44%
Timor Wschodni Dili
44%
Tadżykistan Duszanbe
44%
Rep. Południowej Afryki Pretoria
44%
Ekwador Quito
44%
Jemen Sana
44%
Uzbekistan Taszkent
44%
Laos Wientian
44%
Nigeria Abudża
41%
Turkmenistan Aszchabad
41%
Mali Bamako
41%
Tanzania Dodoma
41%
Sudan Południowy Dżuba
41%
Botswana Gaborone
41%
Kamerun Jaunde
41%
Uganda Kampala
41%
Rwanda Kigali
41%
Angola Luanda
41%
Somalia Mogadiszu
41%
Czad Ndżamena
41%
Erytrea Asmara
37%
Kongo Brazzaville
37%
Zambia Lusaka
37%
Mozambik Maputo
37%
Oman Maskat
37%
Kambodża Phnom Penh
37%
Niger Niamej
22%
Indonezja Nusantara
19%
AZJA AZJA
7%
EUROPA EUROPA
7%
OCEANIA OCEANIA
7%
AFRYKA AFRYKA
4%
AMERYKA PÓŁNOCNA AMERYKA PÓŁNOCNA
4%
AMERYKA POŁUDNIOWA AMERYKA POŁUDNIOWA
4%
Nie znaleziono quizów pasujących do podanych kryteriów
Rozkład punktacji
Procent ludzi z każdym wynikiem
Percentyl według liczby udzielonych odpowiedzi
Twoja historia wyników
Nie rozwiązałeś tego quizu